Pokémon en image - Statistiques

Statistiques générales
  • Ce quiz a été pris 147 fois
  • Le résultat moyen est 11 sur 16
Statistiques - réponses
Par images Réponse % Correct
Tortank
98%
Artikodin
91%
Arceus
89%
Vipélierre
85%
Tygnon
76%
Apitrini
75%
Étouraptor
74%
Lunala
74%
Léopardus
68%
Majaspic
66%
Kokiyas
61%
Groret
57%
Babimanta
53%
Krakos
39%
Pêchaminus
25%
Piétacé
22%
Aucun quiz correspondant
Distribution des résultats
% des personnes avec chaque résultat
Percentile par nombre de réponses
Votre historique - résultats
Vous n’avez pas pris ce quiz